| 000 | 02114nam a2200421 a 4500 | ||
|---|---|---|---|
| 001 | ebr10475981 | ||
| 003 | CaPaEBR | ||
| 006 | m u | ||
| 007 | cr cn||||||||| | ||
| 008 | 090617s2009 vauad sb 101 0 eng d | ||
| 010 | _z 2009022726 | ||
| 020 | _z9780784410448 (pbk.) | ||
| 020 | _z0784410445 (pbk.) | ||
| 020 | _z9780784472910 (e-book) | ||
| 040 |
_aCaPaEBR _cCaPaEBR |
||
| 035 | _a(OCoLC)742513474 | ||
| 050 | 1 | 4 |
_aTE210 _b.R43 2009eb |
| 082 | 0 | 4 |
_a625.7/3 _222 |
| 245 | 0 | 0 |
_aRecent advancement in soil behavior, in situ test methods, pile foundations, and tunneling _h[electronic resource] : _bselected papers from the 2009 GeoHunan International Conference, August 3-6, 2009, Changsha, Hunan, China / _chosted by Changsha University of Science and Technology, China ; co-sponsored by ASCE Geo-Institute, USA ... [et al.] ; edited by Liaqat Ali ... [et al.]. |
| 260 |
_aReston, Va. : _bAmerican Society of Civil Engineers, _cc2009. |
||
| 300 |
_axii, 290 p. : _bill. (some col.). |
||
| 490 | 1 |
_aGeotechnical special publication ; _vno. 192 |
|
| 504 | _aIncludes bibliographical references and indexes. | ||
| 533 |
_aElectronic reproduction. _bPalo Alto, Calif. : _cebrary, _d2013. _nAvailable via World Wide Web. _nAccess may be limited to ebrary affiliated libraries. |
||
| 650 | 0 |
_aRoads _xFoundations _vCongresses. |
|
| 650 | 0 |
_aSoil stabilization _vCongresses. |
|
| 650 | 0 |
_aSoils _xTesting _vCongresses. |
|
| 650 | 0 |
_aPiling (Civil engineering) _vCongresses. |
|
| 650 | 0 |
_aTunneling _vCongresses. |
|
| 655 | 7 |
_aElectronic books. _2local |
|
| 700 | 1 | _aAli, Liaqat. | |
| 710 | 2 | _aChangsha li gong da xue. | |
| 710 | 2 |
_aAmerican Society of Civil Engineers. _bGeo-Institute. |
|
| 710 | 2 | _aebrary, Inc. | |
| 711 | 2 |
_aGeoHunan International Conference on Challenges and Recent Advances in Pavement Technologies and Transportation Geotechnics _d(2009 : _cChangsha, Hunan Sheng, China) |
|
| 830 | 0 |
_aGeotechnical special publication ; _vno. 192. |
|
| 856 | 4 | 0 |
_uhttp://site.ebrary.com/lib/rucke/Doc?id=10475981 _zAn electronic book accessible through the World Wide Web; click to view |
| 999 |
_c115750 _d115750 |
||